000 00444nam a2200157Ia 4500
008 240729s9999 xx 000 0 und d
245 0 _aJournal of the Meteorological Society of Japan
260 _aJapan
260 _bMeteorologial Society of Japan
650 _a Meteorology. Climatology
650 _a Physics
650 _aScience
856 _uhttps://doaj.org/toc/ad0b557de1354e1ab46b184b3a0d979b
942 _2ddc
942 _cDOAJEJ
999 _c66017
_d66017
945 _a1
_bMadushi Gamage
_c1
_dMadushi Gamage